000 01231nam a22002897a 4500
999 _c21141
_d21141
003 AR-CdUCM
008 190603b ||||| |||| 00| 0 spa d
040 _aMUNICIPALIDAD PROVINCIAL DEL CUSCO
_cBIBLIOTECA MUNICIPAL DEL CUSCO
082 _a985.612 / R21
_bR21
245 _aRaqchi perspectivas multidisciplinarias a partir del Folklore, Lingüistica, Historia y Arqueología /
260 _aCusco :
_bInkari,
_c2018.
300 _a158 páginas ;
_bIlustraciones,
_c21 cm.
505 _aContenido : El festival folklórico de Raqchi -- Racchi un enigma arqueológico -- Zona arqueológica de Raqchi -- El templo al Dios Wiraqucha -- Raqchi mito y realidad -- La cerámica de Raqchi -- El asentamiento Inca de Raqchi.
650 _aHistoria
_944136
650 _aAnálisis ceramográfico
_943185
650 _aFolklore
_944137
650 _aArqueología
_9371
700 _aValderrama Fernandez, Ricardo
_97653
700 _aEscalente Gutierrez, Carmen
_944138
700 _aBallesteros, Manuel
_944139
700 _aRamos Condori, Fidel
_932486
700 _aAncori Cervantes, Guido
_944140
700 _aFerrandiz Castro, Antonio
_944141
700 _aQuispe Cuno, Marisa
_944142
942 _2ddc
_cLIBROS
945 _aRoel